000
00298nam a22001337a 4500
082
_a
894.812.3
_b
SUD/B
100
_a
SUDIN,S
245
_a
BHRANTHAN
250
_a
FIRST
260
_a
ATTINGAL
_b
MOTHER'S EDUCATIONAL RESEARCH INSTITUTE
_c
2007
300
_a
42
650
_a
STORY
_z
KERALA
942
_c
BK
999
_c
1768
_d
1768